000 00458nam a2200181Ia 4500
003 GCL
008 140319s9999 xx 000 0 eng d
040 _aGCL /
_cGCL
082 0 4 _a822
_bE M
100 1 _aELIOT, GEORGE
245 1 0 _aTHE MILL ON THE FLASS /
_cELIOT, GEORGE
260 _a[S.N] :
_bDAILY EXPRESS PUBLICATIONS ،
_c1933
300 _a511 P
650 0 4 _aENGLISH LITERATURE
650 0 4 _aLITERATURE
650 0 4 _aFICTION
942 _2ddc
_cBK
999 _c19428
_d19428